<?xml version="1.0" encoding="UTF-8"?><?xml-stylesheet type="text/xsl" href="static/style.xsl"?><OAI-PMH xmlns="http://www.openarchives.org/OAI/2.0/" xmlns:xsi="http://www.w3.org/2001/XMLSchema-instance" xsi:schemaLocation="http://www.openarchives.org/OAI/2.0/ http://www.openarchives.org/OAI/2.0/OAI-PMH.xsd"><responseDate>2026-04-17T04:15:11Z</responseDate><request verb="GetRecord" identifier="oai:www.recercat.cat:2117/443967" metadataPrefix="marc">https://recercat.cat/oai/request</request><GetRecord><record><header><identifier>oai:recercat.cat:2117/443967</identifier><datestamp>2025-10-29T21:39:42Z</datestamp><setSpec>com_2072_1033</setSpec><setSpec>col_2072_452951</setSpec></header><metadata><record xmlns="http://www.loc.gov/MARC21/slim" xmlns:dcterms="http://purl.org/dc/terms/" xmlns:xsi="http://www.w3.org/2001/XMLSchema-instance" xmlns:doc="http://www.lyncode.com/xoai" xsi:schemaLocation="http://www.loc.gov/MARC21/slim http://www.loc.gov/standards/marcxml/schema/MARC21slim.xsd">
   <leader>00925njm 22002777a 4500</leader>
   <datafield ind2=" " ind1=" " tag="042">
      <subfield code="a">dc</subfield>
   </datafield>
   <datafield ind2=" " ind1=" " tag="720">
      <subfield code="a">Cordón Puig, Esteve</subfield>
      <subfield code="e">author</subfield>
   </datafield>
   <datafield ind2=" " ind1=" " tag="260">
      <subfield code="c">2025-09</subfield>
   </datafield>
   <datafield ind2=" " ind1=" " tag="520">
      <subfield code="a">El present projecte té com a objectiu la definició estructural completa d’un centre esportiu de licitació pública a Sant Cugat del Vallès, aplicant la metodologia BIM com a eina de coordinació i optimització. Es desenvolupen totes les etapes integrades en el procés projectiu d’àmbit estructural: concepció del disseny, càlcul i verificació resistent i d’estabilitat global de l’estructura, disseny i dimensionat d’unions, càlcul i dimensionat de fonamentacions i modelat total de l’estructura. Anàlogament, es tenen en compte totes les consideracions prèvies d’aplicació normativa i tècnica, incloent-hi l’anàlisi de la sismicitat, la caracterització geotècnica del terreny i l’avaluació del comportament estructural davant el foc, per garantir que la proposta compleixi les exigències de seguretat i durabilitat establertes. La metodologia de treball s’ha basat en la utilització de software especialitzat conjuntament amb metodologies teòriques en funció de la fase i necessitats del projecte, basats en normatives vigents d’aplicació per assegurar i acomplir amb els criteris de seguretat i estabilitat. S’ha implantat el modelatge paramètric en entorn BIM per garantir la coherència entre disciplines, facilitar-ne la fabricació, la posterior execució en obra i parametritzar la extracció de documentació i informació de projecte. Els resultats obtinguts asseguren una solució estructural completa, eficient, segura i optimitzada, la qual ha considerat la reducció de l’impacte ambiental a generar. El model BIM obtingut assegura la correcte coordinació estructural del conjunt d’elements projectats minimitzant possibles errors de disseny. El projecte constitueix així una proposta de referència per al desenvolupament d’infraestructures esportives viables en tots els àmbits, incloent les justificacions tècniques, econòmiques i ambientals que ho avalen.</subfield>
   </datafield>
   <datafield ind1="8" ind2=" " tag="024">
      <subfield code="a">http://hdl.handle.net/2117/443967</subfield>
   </datafield>
   <datafield tag="653" ind2=" " ind1=" ">
      <subfield code="a">Àrees temàtiques de la UPC::Enginyeria civil</subfield>
   </datafield>
   <datafield tag="653" ind2=" " ind1=" ">
      <subfield code="a">Athletic clubs -- Design and construction</subfield>
   </datafield>
   <datafield tag="653" ind2=" " ind1=" ">
      <subfield code="a">Structural design</subfield>
   </datafield>
   <datafield tag="653" ind2=" " ind1=" ">
      <subfield code="a">Foundations</subfield>
   </datafield>
   <datafield tag="653" ind2=" " ind1=" ">
      <subfield code="a">Clubs esportius -- Disseny i construcció</subfield>
   </datafield>
   <datafield tag="653" ind2=" " ind1=" ">
      <subfield code="a">Disseny d'estructures</subfield>
   </datafield>
   <datafield tag="653" ind2=" " ind1=" ">
      <subfield code="a">Fonaments</subfield>
   </datafield>
   <datafield ind2="0" ind1="0" tag="245">
      <subfield code="a">Disseny i càlcul estructural d’un centre esportiu mitjançant metodologia BIM</subfield>
   </datafield>
</record></metadata></record></GetRecord></OAI-PMH>